000 00360pab a2200145 454500
008 180718b2003 xxu||||| |||| 00| 0 eng d
100 _aSameer Kumar
245 _aManaging constraints in the food service supply chain
260 _c2003
300 _ap.89-98.
650 _aFood supply
700 _aBlohowiak, Mark E.
773 _aVision
909 _a55876
999 _c55876
_d55876